000
00307nam a22001217a 4500
020
_a
9781847558619
082
_a
627.01
_b
QUE/WA
245
_a
Water System Science and Policy Interfacing
260
_a
Cambridge
_b
RSC Publishing
_c
2010
300
_a
430
700
_a
Quevauviller,Philippe
_9
720
942
_c
REF
999
_c
14436
_d
14436